All Indianapolis Neighborhoods - Statistics

General Stats
  • This quiz has been taken 52 times
  • The average score is 8 of 52
Answer Stats
# Neighborhood Pop. % Correct
4 Fountain Square 39,227
68%
7 Mile Square 28,989
58%
13 Irvington 11,503
53%
2 West Indianapolis 84,866
53%
17 Haughville 6,877
47%
10 Fall Creek 18,591
42%
18 Old Southside 6,354
37%
30 Fletcher Place 2,888
32%
22 Old Northside 5,579
32%
5 IUPUI 30,105
26%
35 Chatham-Arch 1,531
21%
14 Lockerbie Square 9,465
21%
9 Near Eastside 26,407
21%
19 Riverside 6,188
21%
34 Arsenal Heights 2,047
16%
31 Bates-Hendricks 2,868
16%
20 Christian Park 6,171
16%
21 Devonshire 6,164
16%
11 Friends and Neighbors 13,433
16%
41 Kennedy King 1,202
16%
12 Martindale-Brightwood 11,706
16%
49 Upper Canal 909
16%
47 Cole Noble 1,002
11%
28 Crown Hill 3,781
11%
3 Devington 46,110
11%
36 Herron Morton 1,339
11%
29 Little Flower 3,082
11%
50 Ransom Place 515
11%
1 Washington Township 139,197
11%
43 Woodruff Place 1,135
11%
45 Audubon Gardens 1,075
5%
16 Bean Creek 7,158
5%
6 Bosart Brown 29,807
5%
39 Brendonridge 1,302
5%
24 Brendonwood 4,302
5%
32 Brookhaven 2,506
5%
42 Cottage Home 1,183
5%
27 Eastwood 3,960
5%
40 Englewood 1,271
5%
15 Fairfax 7,901
5%
25 Hawthorne 4,263
5%
37 Holy Cross 1,333
5%
48 Irish Hill 981
5%
44 Lake Kesslerwood 1,125
5%
33 North Eastwood 2,190
5%
46 Sycamore Heights 1,053
5%
26 Tuxedo Park 4,125
5%
23 Venerable Flackville 5,401
5%
8 Westside 27,239
5%
38 Windsor Park 1,321
5%
52 Concord 199
0%
51 Pogue's Run 370
0%
No matching quizzes found
Score Distribution
Percent of People with Each Score
Percentile by Number Answered
Your Score History
You have not taken this quiz